000 00596nam a2200181Ia 4500
008 151018s9999 xx 000 0 und d
082 _bRBASDV19755
_a891.463
100 _aरवींद्रनाथ टागोर
245 _aनौकाडुबी
250 _b4
260 _bसुरस प्रकाशन पंजाब
_c1985
300 _a304
600 _aरवींद्रनाथ टागोर
630 _aनौकाडुबी
700 _aरवींद्रनाथ टागोर
730 _aनौकाडुबी
942 _cBOOK
999 _c1020383
_d1020380